Advertising and promotion : (Record no. 14863)
[ view plain ]
| 000 -LEADER | |
|---|---|
| fixed length control field | 01192cam a22003494a 4500 |
| 001 - CONTROL NUMBER | |
| control field | ocn449861383 |
| 003 - CONTROL NUMBER IDENTIFIER | |
| control field | PILC |
| 005 - DATE AND TIME OF LATEST TRANSACTION | |
| control field | 20150112093444.0 |
| 008 - FIXED-LENGTH DATA ELEMENTS--GENERAL INFORMATION | |
| fixed length control field | 090719s2010 caua b 001 0 eng |
| 010 ## - LIBRARY OF CONGRESS CONTROL NUMBER | |
| LC control number | 2009932899 |
| 020 ## - INTERNATIONAL STANDARD BOOK NUMBER | |
| International Standard Book Number | 9781849201452 (alk. paper) |
| 020 ## - INTERNATIONAL STANDARD BOOK NUMBER | |
| International Standard Book Number | 1849201455 (alk. paper) |
| 020 ## - INTERNATIONAL STANDARD BOOK NUMBER | |
| International Standard Book Number | 9781849201469 (pbk. : alk. paper) |
| 020 ## - INTERNATIONAL STANDARD BOOK NUMBER | |
| International Standard Book Number | 1849201463 (pbk. : alk. paper) |
| 040 ## - CATALOGING SOURCE | |
| Original cataloging agency | DLC |
| Transcribing agency | DLC |
| Modifying agency | BTCTA |
| -- | YDXCP |
| -- | CDX |
| -- | SISMU |
| -- | BWX |
| -- | CVU |
| 049 ## - LOCAL HOLDINGS (OCLC) | |
| Holding library | CVUA |
| 050 00 - LIBRARY OF CONGRESS CALL NUMBER | |
| Classification number | HF 5823 |
| Item number | .H122 2010 |
| 082 #4 - DEWEY DECIMAL CLASSIFICATION NUMBER | |
| Classification number | G 659.1 |
| Item number | H11 2005 |
| 100 1# - MAIN ENTRY--PERSONAL NAME | |
| Personal name | Hackley, Chris |
| 9 (RLIN) | 21753 |
| 245 10 - TITLE STATEMENT | |
| Title | Advertising and promotion : |
| Remainder of title | an integrated marketing communications / |
| Statement of responsibility, etc | Chris Hackley. |
| 260 ## - PUBLICATION, DISTRIBUTION, ETC. (IMPRINT) | |
| Place of publication, distribution, etc | Los Angeles : |
| Name of publisher, distributor, etc | Sage Publications, |
| Date of publication, distribution, etc | 2005. |
| 300 ## - PHYSICAL DESCRIPTION | |
| Extent | 333 pages : |
| Other physical details | illustration ; |
| Dimensions | 24 cm. |
| 504 ## - BIBLIOGRAPHY, ETC. NOTE | |
| Bibliography, etc | Includes bibliographical references (p. [311]-322) and index. |
| 650 #0 - SUBJECT ADDED ENTRY--TOPICAL TERM | |
| Topical term or geographic name as entry element | Advertising. |
| 9 (RLIN) | 734 |
| 650 #0 - SUBJECT ADDED ENTRY--TOPICAL TERM | |
| Topical term or geographic name as entry element | Advertising |
| General subdivision | Social aspects. |
| 9 (RLIN) | 21754 |
| 650 #0 - SUBJECT ADDED ENTRY--TOPICAL TERM | |
| Topical term or geographic name as entry element | Sales promotion. |
| 9 (RLIN) | 4234 |
| 650 #0 - SUBJECT ADDED ENTRY--TOPICAL TERM | |
| Topical term or geographic name as entry element | Advertising |
| General subdivision | Brand name products. |
| 9 (RLIN) | 21755 |
| 910 ## - USER-OPTION DATA (OCLC) | |
| User-option data | 20100916/w/c;ckc |
| 942 ## - ADDED ENTRY ELEMENTS (KOHA) | |
| Source of classification or shelving scheme | Library of Congress Classification |
| Koha item type | Books |
| 980 ## - EQUIVALENCE OR CROSS-REFERENCE-SERIES STATEMENT--PERSONAL NAME/TITLE [LOCAL, CANADA] | |
| Personal name | 260710 |
| Numeration | 101270 |
| Relator term | 10010 |
| Date of a work | 40526 |
| Miscellaneous information | 1 |
| 981 ## - EQUIVALENCE OR CROSS-REFERENCE-SERIES STATEMENT--CORPORATE NAME/TITLE [LOCAL, CANADA] | |
| Corporate name or jurisdiction name as entry element | ybp |
| Subordinate unit | MKTE |
| Date of meeting or treaty signing | 40018061494 |
| Withdrawn status | Lost status | Source of classification or shelving scheme | Damaged status | Home library | Current library | Shelving location | Date acquired | Total Checkouts | Full call number | Barcode | Date last seen | Copy number | Price effective from | Koha item type |
|---|---|---|---|---|---|---|---|---|---|---|---|---|---|---|
| Library of Congress Classification | Southville International School Affiliated with Foreign Universities Library | Southville International School Affiliated with Foreign Universities Library | Southville Foreign University Section | 09/26/2013 | HF 5823 .H122 2005 | SFU1525 | 05/15/2018 | 1 | 09/26/2013 | Books |